| 000 | 00547nam a22001697a 4500 | ||
|---|---|---|---|
| 003 | OSt | ||
| 008 | 260625b |||||||| |||| 00| 0 eng d | ||
| 020 | _a9780128194652 | ||
| 082 |
_a674.38 _bZ12W |
||
| 100 | _aZabel, Robert A. | ||
| 245 | _aWood Microbiology : Decay and Its Prevention/by Robert A. Zabel, Jeffrey J. Morrell | ||
| 260 |
_aLondon : _bAcademic Press, _c2020. |
||
| 300 | _axix, 556 p. | ||
| 650 | _a Wood preservation | technological protection | environmental degradation | ||
| 700 | _aMorrell, Jeffrey J. | ||
| 942 |
_2ddc _cBK |
||
| 999 |
_c52320 _d52320 |
||